Popularne albumy rap/trap tygodnia 16-22.04 - Statystyki

Ogólne statystyki
  • Ten quiz został rozwiązany 29 razy
  • Średni wynik to 12 z 15
Statystyki odpowiedzi
Wykonawca Data wydania Album % Poprawnych
Sobel 16 kwietnia 2021 Pułapka Na Motyle
100%
Mata 17 stycznia 2020 100 dni do matury
96%
Bedoes & Lanek 29 listopada 2019 Opowieści Z Doliny Smoków
91%
Bedoes & Lanek 15 stycznia 2021 Rewolucja Romantyczna
91%
Żabson 1 lutego 2021 Ziomalski Mixtape
91%
SB Maffija 8 czerwca 2020 Hotel Maffija
87%
Sobel 25 czerwca 2020 Kontrast
83%
Białas 5 sierpnia 2020 H8M5
78%
Kizo 23 października 2020 Posejdon
78%
White 2115 31 sierpnia 2018 Rockstar
78%
Olszakumpel 16 kwietnia 2021 Kumpel
74%
Guzior 4 grudnia 2020 PLEŚŃ
74%
Quebonafide 1 kwietnia 2020 Romantic Psycho
74%
White 2115 28 sierpnia 2020 Rockstar: Do Zachodu Słońca
70%
PRO8L3M 30 marca 2021 Fight Club
48%
Nie znaleziono quizów pasujących do podanych kryteriów
Rozkład punktacji
Procent ludzi z każdym wynikiem
Percentyl według liczby udzielonych odpowiedzi
Twoja historia wyników
Nie rozwiązałeś tego quizu